<?xml version="1.0" encoding="UTF-8"?>
<record
    xmlns:xsi="http://www.w3.org/2001/XMLSchema-instance"
    xsi:schemaLocation="http://www.loc.gov/MARC21/slim http://www.loc.gov/standards/marcxml/schema/MARC21slim.xsd"
    xmlns="http://www.loc.gov/MARC21/slim">

  <leader>00478nam a2200133Ia 4500</leader>
  <controlfield tag="008">260210s9999    xx            000 0 und d</controlfield>
  <datafield tag="024" ind1=" " ind2=" ">
    <subfield code="a">00A-001-CE, 00A-022-CE, 00A-032-CE &amp;amp;amp; 00A-037-CE</subfield>
  </datafield>
  <datafield tag="082" ind1=" " ind2=" ">
    <subfield code="a">621.3981072 NAW</subfield>
  </datafield>
  <datafield tag="100" ind1=" " ind2=" ">
    <subfield code="a">Shaikh Ali Nawaz, Asad Saeed Khan, Syed Muhammad Salman &amp;amp; Muhammad Sohail</subfield>
  </datafield>
  <datafield tag="245" ind1=" " ind2="0">
    <subfield code="a">PC-CLI Based Security System</subfield>
  </datafield>
  <datafield tag="260" ind1=" " ind2=" ">
    <subfield code="a">Karachi:</subfield>
    <subfield code="b">UITU,</subfield>
    <subfield code="c">2000</subfield>
  </datafield>
  <datafield tag="600" ind1=" " ind2=" ">
    <subfield code="a">Computer System Engineering</subfield>
  </datafield>
  <datafield tag="650" ind1=" " ind2=" ">
    <subfield code="a">Bachelor of Engineering (BE)</subfield>
  </datafield>
  <datafield tag="999" ind1=" " ind2=" ">
    <subfield code="c">32646</subfield>
    <subfield code="d">32646</subfield>
  </datafield>
</record>
